LEADER 01324nam a2200289 u 4500 001 000000021624 003 CaOOAMICUS 005 20150429102554.0 008 950330s1934 it f u000 u ita u 035 $a10536957 040 $aPUL(R)$bita 100 0 $aPius PP.$bXI,$d1857-1939.$0(OLS)http://pul/name/12322 245 10$aDon Bosco santo e le sue opere nell'augusta parola di S.S. Pio PP. XI. 260 $aRoma :$bScuola salesiana del libro, Istituto Pio XI,$c1934. 300 $a2 f. p., 139 p.$b1 tav.$c25 cm 500 $aFront. in rosso e nero, con facs. di un autografo del papa Pio XI. 850 $aPUL 852 $aPUL$W1$xDP1 Fondo Cecchetti$y53$m276 F 12$j30382$nBK-PRI$b $qFondi$B30382$CPULBib$Z2$F30382 $HPUL7882 $81 852 $aPUL$W1$xDP1 Religione 1$y20$m635 E 40$j165123$qStampati$B165388$CPULBib$Z2$F165388 $82 900 $aPio$bXI,$cpapa,$d1857-1939$912322 900 $aRatti, Achille,$d1857-1939$912322 910 $aPapi (1922-1939 : Pius PP. XI)$912322 910 $aPapi (1922-1939 : Pius PP. XI)$912322 941 1 $a1 941 1 $a8 996 $6245$aDon Bosco santo e le sue opere nell'augusta parola di S.S. Pio PP. XI$9(OLS)http://pul/title/30258 996 $6260$aRoma :$bScuola salesiana del libro, Istituto Pio XI$9(OLS)http://pul/publisher/57242 LEADER 01416nam a2200325 u 4500 001 000000043294 003 CaOOAMICUS 005 20070226114424.0 008 990324s1995 it u000 u ita u 020 $a887860108X 035 $a10818059 040 $aPUL(R)$bita 245 00$aEconomia 1970-1990 /$ca cura di Terenzio Cozzi, Siro Lombardini e Michele Salvati ; scritti di Massimo Egidi ... [et al.]. 260 $aTorino :$bFondazione Giovanni Agnelli,$cc1995. 300 $axxiii, 870 p. ;$c21 cm 490 1 $aGuide agli studi di scienze sociali in Italia 500 $aContiene indici. 504 $aBibliografia in fine di capitolo. 650 4$aEconomia$xStudi.$0(OLS)http://pul/subject/19077 700 1 $aCozzi, Terenzio.$0(OLS)http://pul/name/31681 700 1 $aSalvati, Michele.$0(OLS)http://pul/name/31683 700 1 $aLombardini, Siro.$0(OLS)http://pul/name/31682 830 0$aGuide agli studi di scienze sociali in Italia.$0(OLS)http://pul/title/58371 850 $aPUL 852 $aPUL$W1$xDP1 Cons. Gen., Altre Classi 1$y22$m46 C 69$j58366$nBK-PRI$b $qStampati$B58366$CPULBib$Z2$F58366 $H $81 941 1 $a8 961 $aINV: 75262 996 $6020$a887860108X$9(OLS)http://pul/number/53989 996 $6245$aEconomia 1970-1990$9(OLS)http://pul/title/58370 996 $6260$aTorino :$bFondazione Giovanni Agnelli$9(OLS)http://pul/publisher/51898 LEADER 01265nam a2200301 u 4500 001 000000041001 003 CaOOAMICUS 005 20070226114150.0 008 980909s1994 it u000 u ita u 020 $a8821528855 035 $a10802755 040 $aPUL$bita 041 1 $aita$hfre 100 1 $aLégasse, Simon.$0(OLS)http://pul/name/23265 240 10$aNaissance du baptême.$lItaliano.$0(OLS)http://pul/title/55303 245 10$aAlle origini del battesimo :$bfondamenti biblici del rito cristiano /$cSimon Légasse. 260 $aCinisello Balsamo :$bSan Paolo,$c1994. 300 $a173 p. ;$c21 cm 490 1 $aUniverso teologia ;$v30 504 $aBibliografia: p. 161-166. 650 4$aBattesimo$xStoria$yEvo antico.$0(OLS)http://pul/subject/307 830 0$aUniverso teologia ;$v30.$0(OLS)http://pul/title/37119 850 $aPUL 852 $aPUL$W1$xDP1 Fondo Gelio$y54$m4 C 13$j55612$nBK-PRI$b $qFondi$B55612$CPULBib$Z2$F55612 $HPUL0218 $81 941 1 $a1 996 $6020$a8821528855$9(OLS)http://pul/number/50967 996 $6245$aAlle origini del battesimo :$bfondamenti biblici del rito cristiano$9(OLS)http://pul/title/55304 996 $6260$aCinisello Balsamo :$bSan Paolo$9(OLS)http://pul/publisher/54577